| 000 | 01017nam a2200265 i 4500 | ||
|---|---|---|---|
| 001 | 62251 | ||
| 003 | ES-MaACL | ||
| 005 | 20250724063409.0 | ||
| 007 | t| | ||
| 008 | 031119s1985 sp ||||1| spa d | ||
| 020 | _a84-85887-82-4 | ||
| 100 | 1 |
_aFeijoo, Benito Jerónimo, _d1676-1764 _949105 |
|
| 245 | 1 | 0 |
_aTeatro crítico _b: ensayos filosóficos / _cBenito Jerónimo Feijoo ; introducción y selección de textos a cargo de Eduardo Subirats Rüggeberg. |
| 250 | _a1ª ed. | ||
| 260 |
_aBarcelona : _bAnthropos, _c1985. |
||
| 300 |
_a338 p. ; _c20 cm. |
||
| 490 | 1 |
_aPensamiento crítico/pensamiento utópico ; _v17 |
|
| 500 | _aLos textos seleccionados son reprod. facs. de 1ª ed. de: Madrid : Imp. Herederos de Francisco del Hierro, 1748-1750. | ||
| 655 | 7 |
_2tgfbne _9226495 _aFacsímiles |
|
| 700 | 1 |
_aSubirats, Eduardo. _9108696 |
|
| 830 | 0 |
_aPensamiento crítico/pensamiento utópico ; _v17 _9177290 |
|
| 852 |
_aES-MaACL _jL-10119 _bR.110644 |
||
| 942 | _2udc | ||
| 999 |
_c62251 _d62251 |
||